| 000 | 00993cab a2200181 4500 | ||
|---|---|---|---|
| 001 | ##L132177 | ||
| 008 | 060117n2006 000 0 eng u | ||
| 035 | _a(Sirsi) u132177 | ||
| 041 | 0 | _aeng | |
| 100 | 1 | _aWinter, Mitchell | |
| 245 | 0 | 0 | _aContractors at risk |
| 260 | _c2006 | ||
| 490 | 0 |
_aPremises and Facilities Management _vJanuary 2006, 26-27(2) |
|
| 520 | _aIn the last 18 months there has been an increase in the number of criminal prosecutions that directly implicate facilities managers and other responsible for managing commercial premises. Facilities Managers working for a number of companies have all had charges of negligence against them. The article asserts the importance of compiling to UK law with regards to health and safety standards, in order to protect employees, contractors, business, shareholders and property. It also describes the regulation of the six steps of risk assessment. | ||
| 590 | _aIKA170106 | ||
| 690 |
_aHealth and safety _96244 |
||
| 942 | _n0 | ||
| 999 |
_c76350 _d76350 |
||